000 006010000a22002170004500
003 LK-CoMWRAF
005 20230924174456.0
008 230817t ||||| |||| 00| 0 eng d
020 _a0521405300
040 _aLK-CoMWRAF
_dLK-CoMWRAF
_eLK-CoMWRAF
041 _aeng
082 _a954.9
_bANS
100 _aAnsari, Sarah F.D.
245 _aSufi Saints and state power :
_bThe pirs of sind, 1843-1947
260 _aSydney :
_bCambridge university press
_c1992
300 _a178p
500 _aBibliography
650 _aIslam
650 _aSindh (Pakistan) -- Politics and government
942 _cBK
999 _c481
_d481